01234nam a2200229 a 450000100100000000500170001000800410002704000250006824500930009326000470018630000200023370000390025371000670029271000520035904900090041195201200042095201200054095201110066095201050077195201110087699900170098700002841020240307073942.0110408s1973 dr 000 0 spa d aDO-SdBNPbspacBNPHU10aRepública Dominicana y las relaciones internacionales /cEduardo Latorre... [et. al ]. aSanto Domingo :bEdiciones Sargazo,c1973. a99 p. ;c21 cm.1 aLatorre, Eduardo,d1941-2003971872 aInstituto Dominicana de Estudios Internacionales (IDEL)9553642 aInstituto Tecnológico de Santo Domingo978911 aBNPD 001054708DSaGRbGRcCTd2011-04-08iLF1l0o p28410-30r2020-06-25te. 5w2020-06-25yLFDSZPréstamo en sala 001054708DSaGRbGRcCTd2011-04-08iLF1l0o p28410-40r2020-06-25te. 3w2020-06-25yLFDSZPréstamo en sala 0010718DSaGRbGRcCTd2011-04-08iLF1l0o p28410-50r2020-06-25te. 4w2020-06-25yLFDSZNo se presta 0010718PDaPDbPDcCTd2011-04-08iLF1l0o p28410-10r2020-06-25w2020-06-25yLFPDZNo se presta 0010718PDaPDbPDcCTd2011-04-08iLF1l0o p28410-20r2020-06-25te. 2w2020-06-25yLFPDZNo se presta c27902d27902